000 00630nam a2200205Ii 4500
003 JO-AjNU
008 230605s9999||||xx |||||||||||||| ||und||
017 _a2003/9/2090
040 _aJO-AjNU
_bara
_erda
_cJO-AjNU
041 _aara
050 1 4 _aQC381 2003
100 3 _aالخوالدة ، نعيم,
_eauthor
_916285
245 0 0 _aالمنظور الهندسي
264 3 1 _aعمان:دار المستقبل ، 2003
300 _a235ص
336 _atext
_btxt
_2rdacontent
337 _aunmediated
_bn
_2rdamedia
338 _avolume
_bnc
_2rdacarrier
650 4 _aالرسم الهندسي-الرسم المنظور
_916286
999 _aA4791
_c8359
_d8359